| 000 | 01022nam a22003377a 4500 | ||
|---|---|---|---|
| 001 | BR2016003474 | ||
| 003 | BR-BrBNA | ||
| 005 | 20230928104939.0 | ||
| 007 | ta | ||
| 008 | 230509b bl.||||| |||| 00| 0 por d | ||
| 040 |
_aBR-BrBNA _bpor _cBiblioteca Nacional de Agricultura |
||
| 041 | _a(Por) | ||
| 072 | _aF40; F50 | ||
| 090 | _ F40 BR2016003474 | ||
| 100 | 1 | _aMelo, N.C. de | |
| 110 | 1 |
_aUniversidade Federal de Lavras, MG (Brasil) _0Tese (Doutorado) |
|
| 245 | 1 | _aAspectos ecofisiológicos de Vochysia thyrsoidea Pohl. em cerrado rupestre no sul de Minas Gerais | |
| 260 | 3 |
_aLavras, MG (Brasil): _c2015. |
|
| 300 | _a109 p. | ||
| 500 | _aSummaries (Eng, Por); Bibliography p. 89-102; 30 illus.; 10 tables | ||
| 650 | _aVOCHYSIACEAE | ||
| 650 | _aDICOTILEDÔNEA | ||
| 650 | _aECOLOGIA VEGETAL | ||
| 650 | _aFISIOLOGIA VEGETAL | ||
| 650 | _aCERRADO | ||
| 650 | _aMODELO MATEMÁTICO | ||
| 650 | _aCRESCIMENTO | ||
| 650 | _aMINAS GERAIS | ||
| 909 |
_a202309 _bLucia _c55 _dLucia Elande |
||
| 942 | _cBK | ||
| 999 |
_c82583 _d82583 |
||